Quel Pays est bien associé à son Drapeau ? (Mort Subite) - Statistiques

Statistiques générales
  • Ce quiz a été pris 701 fois
    13 depuis la dernière actualisation
  • Le résultat moyen est 8 sur 17
Answers on the Grid
Answers color-coded by a green-red scale on the quiz's grid according to % correct below.
France
1F1F0-1F1FF.svg
Chypre
1F1F0-1F1FF.svg
Chine
1F1F0-1F1FF.svg
Kazakhstan
1F1F0-1F1FF.svg
États-Unis
1F1F0-1F1FF.svg
Barbade
1F1F0-1F1FF.svg
Brésil
1F1F0-1F1FF.svg
Chili
1F1F0-1F1FF.svg
Papouasie-Nouvelle-Guinée
1F1F0-1F1FF.svg
Belgique
1F1F0-1F1FF.svg
Colombie
1F1F0-1F1FF.svg
Argentine
1F1F0-1F1FF.svg
Mexique
1F1F0-1F1FF.svg
Canada
1F1F0-1F1FF.svg
Corée du Sud
1F1F0-1F1FF.svg
Népal
1F1F0-1F1FF.svg
Ukraine
1F1F0-1F1FF.svg
Autriche
1F1F0-1F1FF.svg
Nouvelle-Zélande
1F1F0-1F1FF.svg
Turquie
1F1F0-1F1FF.svg
Thaïlande
1F1F0-1F1FF.svg
Saint-Christophe-et-Niévès
1F1F0-1F1FF.svg
Inde
1F1F0-1F1FF.svg
Irlande
1F1F0-1F1FF.svg
 
Statistiques - réponses
Réponse % Correct
Belgique
1F1F0-1F1FF.svg
80%
Canada
1F1F0-1F1FF.svg
80%
France
1F1F0-1F1FF.svg
80%
Brésil
1F1F0-1F1FF.svg
60%
Chine
1F1F0-1F1FF.svg
60%
États-Unis
1F1F0-1F1FF.svg
60%
Mexique
1F1F0-1F1FF.svg
60%
Ukraine
1F1F0-1F1FF.svg
60%
Argentine
1F1F0-1F1FF.svg
40%
Chili
1F1F0-1F1FF.svg
40%
Chypre
1F1F0-1F1FF.svg
40%
Corée du Sud
1F1F0-1F1FF.svg
40%
Népal
1F1F0-1F1FF.svg
40%
Papouasie-Nouvelle-Guinée
1F1F0-1F1FF.svg
40%
Barbade
1F1F0-1F1FF.svg
20%
Colombie
1F1F0-1F1FF.svg
20%
Kazakhstan
1F1F0-1F1FF.svg
20%
Aucun quiz correspondant
Distribution des résultats
% des personnes avec chaque résultat
Percentile par nombre de réponses
Votre historique - résultats
Vous n’avez pas pris ce quiz depuis la dernière actualisation